Quizzes
Events
Quiz Creation
Community
Videos
Private Events
Remove Ads
Sign In
Join for FREE
Feedback
Dark Mode
Quiz Categories
Sports
Geography
Music
Movies
Television
Just For Fun
Miscellaneous
History
Literature
Language
Science
Gaming
Entertainment
Religion
Holiday
For Kids
Quiz Lab
Recent
Popular Today
Quiz Kudos Today
Editor Picks
Curator Picks
Quizzes by...
Day
Popularity
Type
Ratings
Length
Year
Community
Subscriptions
Recent Discussions
Orange Saloon
Badges
Playlists
Quests
Create
Leaderboards
Showdown
Live 5
Trivia Bingo
Activity
Puzzle Library
Sporcle Events
Private Events
Virtual Trivia
Globe League
Become a Host
Pub Owners
SporcleCon
Opinionation
Our Games
Videos
Blog
Mobile Apps
Partnerships
Remove Ads and Go Orange
Feedback
Music
Pop Music
The Beatles
Song
Album
Lyrics
Bands
Singers
Artist
Clip
Rock
Rap
Classical
Billboard
Country Music
Kpop
Taylor Swift
Music
Pop Music
The Beatles
Song
Album
Lyrics
Bands
Singers
Artist
Clip
Rock
Rap
Classical
Billboard
Country Music
Kpop
Taylor Swift
Random Quiz
Search Sporcle
×
Quiz Lab
Quiz Lab
Music
Kpop
Type in answers that appear in a list
Type in answers that appear in a list
Classic
Best Score? Go Orange.
Can you name the Kpop Idols? Stats
Can you name the Kpop Idols??
By
Juice935
20m
292 Questions
2,082 Plays
2,082 Plays
2,082 Plays
Comments
Comments
Give Quiz Kudos
Give Quiz Kudos
-
- Ratings
hide this ad
Replay
Link that replays current quiz
Next Quiz
Link to next quiz in quiz playlist
You Got
0%
They Got
Avg Score
60%
Avg Friend Score
Upgrade to see
Score Distribution
Jump to the score distribution portion of the page
Score
0/292
Timer
20:00
0
Plays Today
% Correct
Min
97.9%
Key
96.9%
DO
96.6%
Minho
96%
Taemin
96%
Onew
95.7%
Amber
94.9%
Jonghyun
94%
Jonghyun
94%
Krystal
93.5%
Leeteuk
93.5%
Sulli
93%
Tiffany
93%
Jessica (former)
92.9%
Victoria
92.7%
Hyuna
92.5%
Siwon
92.4%
Heechul
92.3%
Heechul
92.3%
Luna
91.8%
Sunny
91.6%
Shindong
91%
Yoona
90.9%
GDragon
90.6%
TOP
90.6%
Taeyeon
90.5%
CL
90.5%
Eunhyuk
90.2%
Donghae
89.8%
Bom
89.6%
Yuri
89.6%
Dara
89.4%
Changmin
89%
Seungri
88.7%
Taeyang
88.7%
Daesung
88.5%
Minzy
88.4%
Kyuhyun
88.3%
Henry (Super Junior M)
87.7%
Yunho
86.4%
Ryeowook
86.2%
Kai
86.1%
Mir
86%
Yesung
85.8%
GO
85.5%
Yoseob
85.4%
Junsu
85.3%
Kris (former)
85.3%
Suzy
85%
Sungmin
84.6%
Seohyun
84.5%
Sungmin
84.2%
Kibum (former)
84.2%
Kibum (former)
84.2%
L
84.1%
Luhan (former)
84.1%
Junsu
84.1%
Changmin
84%
Sooyoung
83.7%
Kangin
83.6%
Thunder
83.3%
Zelo
83%
Jun
82.9%
Hyoyeon
82.8%
Bora
82.4%
Fei
82.3%
Jaejoong
82.1%
Niel
82.1%
Zico
81.8%
Tao (former)
81.6%
Dongwoo
81.6%
Kevin
81.3%
Kevin
81.3%
Hyorin
80.9%
Lay
80.9%
Sehun
80.7%
Zhoumi (Super Junior M)
80.5%
Baekhyun
80.4%
Taecyeon
80.2%
Joon
80%
CAP
79.9%
Suho
79.9%
Ren
79.3%
Xiumin
79.1%
Chanyeol
79%
Chen
78.9%
Jia
78.9%
Minhyuk
78.8%
Minhyuk
78.8%
Kikwang
78.7%
Ricky
78.4%
Hoya
78.4%
Ljoe
78.2%
Hara
77.6%
Doojoon
77.3%
Yoochun
76.9%
Baro
76.8%
Hongki
76.6%
% Correct
Seungho
76.3%
Hankyung (former)
76.2%
Nichkhun
75.8%
Yongguk
75%
Sunggyu
74.8%
Chunji
74.7%
PO
74.5%
Dongwoon
74.4%
Jokwon
74.1%
Junho
74%
Himchan
73.7%
Hyunseung
73.6%
Eli
73.5%
CNU
73.2%
Gain
73.2%
Wooyoung
72.9%
Changjo
72.7%
Yonghwa
72.6%
JR
72.6%
Nana
72.5%
Woohyun
72.5%
Sungyeol
71.4%
Minwoo
71.4%
Minwoo
71.4%
Minwoo
71.4%
Dasom
71.3%
Daehyun
71.3%
Nicole
70.7%
Minwoo
70.7%
Junhyung
70.7%
Sungjong
70%
Gayoon
69.9%
Lizzy
69.8%
Sandeul
69.6%
Uee
69.5%
Jongup
69.2%
Chansung
69.1%
Bbomb
68.8%
Gongchan
68.8%
Youngjae
68.5%
Aron
67.6%
Jinyoung
67.1%
Soyu
66.8%
AJ
66.8%
Jihyun
65.6%
Q-ri
65.6%
Kiseop
65.6%
Taeil
65.5%
Narsha
65.1%
Jiyoon
64.5%
Eunji
64.4%
Sohyun
64.2%
Jiyeon
64.2%
Gyuri
64.1%
Kwangmin
64%
Hyunjoong
64%
Eunjung
63.9%
Ukwon
63.7%
Soohyun
63.4%
Alexander (former)
63.3%
Kyung
62.9%
Sohee
62.8%
Hoon
62.8%
Kwanghee
62.4%
Boram
62.3%
Youngmin
62.1%
Seulong
61.8%
Baekho
61.5%
Jinwoon
61.1%
Zinger
61%
Jea
61%
Eric
60.6%
Jungshin
60.5%
Raina
60.5%
Dongho (former)
60.2%
Jaehyo
59.4%
Minhyun
59.2%
Siwan
59.1%
Yoobin
59.1%
Ilhoon
58.8%
Miryo
58.5%
Sunye
58.1%
Peniel
58.1%
Leo
58%
Hyosung
56.8%
Ravi
56.6%
Hyungjun
56.1%
Ken
55.9%
Jay
55.6%
Sunhwa
55.6%
Naeun
55.5%
Sungjae
55.5%
Jiyoung
55.3%
Hyuk
55.1%
Bomi
54.9%
N
54.8%
Andy
54.5%
Jieun
53.8%
% Correct
Hyomin
53.5%
Eunkwang
52.5%
Chorong
52.4%
Yeeun
51.9%
Jay
51.7%
Seunghyun (former)
50.5%
Hyunsik
50.2%
Jaejin
50%
Seunghyun
49.6%
Soyeon
49.2%
Seungyeon
49%
Changsub
48.8%
Donghyun
48.7%
Hongbin
48.5%
Minhwan
48.1%
Dongjun
47.9%
Jeongmin
47.1%
Jonghun
47.1%
Jungmin
45.9%
Daniel
45.1%
Hyerim
43%
E-young
42.7%
Jungmo
42.5%
Jaekyung
42.3%
Hyunseong
41.5%
Namjoo
41.5%
Woori
40.3%
Hyungshik
40.3%
Jung-ah
40.1%
Sunmi (former)
40.1%
Youngsaeng
39.9%
Hayoung
39.6%
Gaeun
39.5%
Kyujong
38.9%
Simon
37.7%
Ahreum
37.4%
Jisu
36.7%
Taehun
35.9%
Junyoung
35.8%
Junjin
34.1%
Hanbyul
34.1%
Jooyeon
34%
Inati
33%
Hyesung
31.5%
Daeryong
31.1%
Insoo
30.9%
JunQ
30.6%
Dongwan
30.6%
Gaeun
30.4%
Gunwoo
29.7%
Gunwoo
29.7%
Soryong
29.7%
Serri
29.3%
Jisook
29.2%
Wonbin (former)
29%
Yookyung (former)
27.4%
Chaejin
27.2%
Seungah
27.1%
Noeul
26.9%
Seyong
26.8%
Rockhyun
26.5%
Subin
26.2%
Mika
26%
Dari
25.6%
Kyumin
25.4%
Changbum
24.1%
Hyunyoung
23.9%
Kimchi
23.7%
Aoora
22.9%
Sanghoon
22.5%
Karam
22.4%
Yoonhye
22%
Hyukjin
20.7%
Youngwon
19.3%
Jonghwan
19.1%
Chanyong
18.9%
Woohee
18.7%
Ayoung
18.2%
Jiyul
17.2%
Seungjin
17%
Hoik
16.9%
Hyeongkon
16.9%
Youngjun
16.8%
Woosang
16.5%
Jaehyung
16.5%
Kwangyeon
16.4%
Injoon
16.3%
Seungyub
15.8%
Hyunmin
15.5%
Yunyoung
15.3%
Hyojun
14.9%
I-Oh (former)
13.4%
Juwon
12.9%
Jaehun (former)
9.5%
Hyosuk
9.3%
Minyong (former)
9.1%
Quiz Playlist
Details
Report
Send in Message
Add To Playlist
Classic:
Type in answers that appear in a list
Last Updated: Jan 1, 2019
Quiz Scoreboard
CHALLENGE
Sign Up to Join the Scoreboard
Show All
Scores
Hide
Comments
May contain spoilers
Recently Published
Popular People in 1961
by mucciniale
History
6m
1-10 Letter E Words III
by El_Dandy
Language
2m
One Thing in Common: World Cities II
by knightlancer
Geography
7m
More to Explore
Quiz From the Vault
Featured Blog Post
Where Did the Easter Bunny Come From?
hide this ad
You Might Also Like...
Tags
Kpop Quiz
idol
Kpop Quiz
name
Today's Top Quizzes in Music
Browse Music
hide this ad
Today's Top Quizzes in Kpop
Browse Kpop
Top Contributed Quizzes in Music
1
Taylor Swift All Songs (2024)
2
2010s Album by Cover III
3
One Thing in Common: Music
4
Taylor Swift Logic Puzzle
5
Guess the Artist- 70s Songs
6
2010s Album by Cover IV
7
Guess the Taylor Swift song (Mystery Song)
8
2010s Album by Cover V
9
Lana Del Rey Discography (BTD to DYKTTATUOB)
10
2010s Album by Cover VI
Explore More
Trending Topics
Kpop
Marvel
Harry Potter
Crossword
Anime
Disney
NBA
Puzzle
Song
Country
Soccer
NFL
The Office
Pokémon
WWE
hide this ad
More By:
Juice935
Quiz
Plays
Rating
Category
Featured
Created
Can You Guess the Kpop Songs 2012? (Audio)
2,232
4.00
Music
Aug 6, 2012
Can you name the Kpop Leaders and Maknaes?
2,090
3.63
Music
Apr 22, 2012
Can you name the Kpop Idols?
2,082
3.20
Music
Apr 18, 2012
Can You Name the Male Kpop Group Songs? (Audio)
1,909
3.88
Music
Apr 18, 2012
Guess the Kpop Songs (Audio)
1,542
3.11
Music
Apr 19, 2012
Go to Creator's Profile
Score Distribution
Quiz Creator Spotlight
Juice935
Follow
Send a Message
Quizzes Created
-
Created Quiz Play Count
-
More By This Creator
Popular Quizzes Today
1
Find the US States - No Outlines Minefield
2
Find the Countries of Europe - No Outlines Minefield
3
The Countries of the World
4
Popular People in 1961
5
1-10 Letter E Words III
6
Find the US States
7
One Thing in Common: World Cities II
8
US States
More Music Quizzes
Taylor Swift Albums
Published
Trending Quizzes
Risky Map Clicking: Least Populous States A-Z
1-10 Letter F Words
1-10 Letter G Words
One Thing in Common: United Kingdom
Risky Map Clicking: Next State Alphabetically
Recently Updated
Leaping Animals
pecheneg
Reality TV Shows (A-Z)
bhenderson79
Rickey Henderson's Hall of Fame Teammates
pecheneg
Champions League XIs: Arsenal
pecheneg
Quick Pick: Celebrities in WWE's Hall of Fame
aduchscher
A-Z Keypad Blitz II
pecheneg
Multiple Oscar Actors
pecheneg
Mystery Phrase Blitz: Oscar 'Best Actors'
pecheneg
F. Scott Fitzgerald Novels
LTH
Pick 3 Villains
ddd62291
Trending Topics
Kpop
Crossword
Harry Potter
Marvel
NBA
Disney
Anime
The Office
Soccer
Song
NFL
Pokémon
Country
Puzzle
WWE
Your Account Isn't Verified!
In order to create a playlist on Sporcle, you need to verify the email address you used during registration. Go to your
Sporcle Settings
to finish the process.
Report this User
Report this user for behavior that violates our
Community Guidelines
.
Details:
Send Report
Go to the Sporcle.com Mobile Site →
Comments